000 00725nam a2200289Ia 4500
005 20260324140639.0
008 008 260324s9999 xx 000 0 eng d
020 _a9780203009826
037 _aEBOOK
040 _aCRL
040 _beng
040 _cCRL
041 _2eng
041 _aeng
084 _qCRL
100 _aColin Fisher
_91106572
245 0 _aResource Allocation in the Public Sector
245 0 _bValues, Priorities and Markets in the Management of Public Services
260 _bTaylor and Francis
260 _c1998
365 _a
365 _b300
856 _uhttp://www.taylorfrancis.com/books/9780203009826
942 _cEBOOK
999 _c1807484
_d1807484